[Event "CZE-chT2C 1415"]
[Site "Czech Republic"]
[Date "2015.04.19"]
[Round "11.6"]
[White "Lacina, Filip1"]
[Black "Kostroun, Petr"]
[Result "1/2-1/2"]
[WhiteElo "2045"]
[BlackElo "1884"]
[PlyCount "36"]
[EventDate "2014.11.02"]
[EventType "team-tourn"]
[EventRounds "11"]
[EventCountry "CZE"]
[SourceTitle "EXT 2022"]
[Source "ChessBase"]
[SourceDate "2021.10.06"]
[SourceVersion "1"]
[SourceVersionDate "2021.10.06"]
[SourceQuality "1"]
[WhiteTeam "Vysehrad II"]
[BlackTeam "Praha Kobylisy II"]
[WhiteTeamCountry "CZE"]
[BlackTeamCountry "CZE"]

1. e4 c5 2. Nf3 d6 3. d4 cxd4 4. Nxd4 Nf6 5. Nc3 a6 6. Be2 e5 7. Nb3 Be6 8. 0-0 b5 9. Be3 Nbd7 10. a4 b4 11. Nd5 a5 12. Bb5 Bxd5 13. exd5 Be7 14. c3 bxc3 15. bxc3 0-0 16. c4 Nc5 17. Rb1 Nfe4 18. Qc2 Bg5 1/2-1/2

[Event "Klatovy op"]
[Site "Klatovy"]
[Date "2014.07.06"]
[Round "9"]
[White "Bilek, Martin"]
[Black "Kostroun, Petr"]
[Result "1/2-1/2"]
[WhiteElo "2019"]
[BlackElo "1898"]
[PlyCount "59"]
[EventDate "2014.06.28"]
[EventType "swiss"]
[EventRounds "9"]
[EventCountry "CZE"]
[SourceTitle "CBM 161 Extra"]
[Source "ChessBase"]
[SourceDate "2014.08.29"]
[SourceVersion "1"]
[SourceVersionDate "2014.08.29"]
[SourceQuality "1"]

1. b3 f5 2. Bb2 b6 3. f4 Bb7 4. Nf3 Nf6 5. e3 e6 6. Be2 Be7 7. 0-0 0-0 8. Qe1 c5 9. Nc3 Nc6 10. Ne5 d6 11. Nxc6 Bxc6 12. Bf3 d5 13. Ne2 Ne4 14. d3 Bf6 15. Bxf6 Nxf6 16. Ng3 Rc8 17. Rd1 Qc7 18. e4 fxe4 19. dxe4 d4 20. c3 dxc3 21. Qxc3 Rce8 22. Qe5 Qxe5 23. fxe5 Nd7 24. Rd6 Nxe5 25. Rfd1 Bb5 26. a4 Bc6 27. Kf2 Rf7 28. Ke3 Rd7 29. Kf4 Ng6+ 30. Ke3 1/2-1/2